| 000 | 00729nam a2200229 a 4500 | ||
|---|---|---|---|
| 005 | 20221110063649.0 | ||
| 008 | 080923s2000 mx r 000 0 spa d | ||
| 035 | _aUPN01000160342 | ||
| 049 | _aUNE | ||
| 080 | _a314.742 "1973" MOO. | ||
| 100 | 1 | _aMoore, Joan W. | |
| 245 | 1 | 4 | _aLos Mexicanos de los Estados Unidos y el movimento chicano/ por Joan W. Moore; tr. de Aurora Cortina de Nicolan. -- |
| 260 | _aMéxico : Fondo de Cultura Económica, 1973. | ||
| 300 | _a295 p.; 17 cm. fot. -- | ||
| 440 | 0 | _a(Colección popular; 110) | |
| 690 | _aMigrantes | ||
| 690 |
_aInmigrantes _96073 |
||
| 690 | _aMéxico | ||
| 690 | _aEstados Unidos de América | ||
| 700 | 1 | _aCortina de Nicolan, Aurora, tr. | |
| 905 | _aUNESCO | ||
| 999 |
_c132456 _d132456 |
||